[Event "ch-FRA Blitz Online Qual"]
[Site "Europe-Chess INT"]
[Date "2020.05.16"]
[Round "8"]
[White "Lardon, Quentin"]
[Black "Revel, Adrien"]
[Result "0-1"]
[WhiteElo "2013"]
[BlackElo "1859"]
[WhiteFideId "36050407"]
[BlackFideId "624179"]
[EventDate "2020.05.16"]

1. c4 e5 2. Nc3 Nf6 3. g3 Nc6 4. Bg2 Bb4 5. e3 Bxc3 6. bxc3 O-O 7. Ne2 d6 8. d4
Re8 9. O-O Bf5 10. Ba3 Qd7 11. Rc1 Bh3 12. Qb3 Rab8 13. c5 dxc5 14. Bxc5 Bxg2
15. Kxg2 Qg4 16. Qc2 e4 17. h3 Qf3+ 18. Kh2 h5 19. Nf4 g5 20. Ng2 Kg7 21. Rce1
Rh8 22. a4 b6 23. Ba3 Nd8 24. Qe2 Qf5 25. f3 Ne6 26. fxe4 Qxe4 27. Qf2 Ng4+ 28.
hxg4 hxg4+ 29. Kg1 Nd8 30. Qxf7+ Nxf7 31. Rf2 Qh7 32. Kf1 Qh1+ 33. Ke2 Qh7 34.
Kd2 Rbe8 35. Ref1 Nd6 36. Bxd6 cxd6 37. Rf7+ Kg8 38. Rxh7 Rxh7 39. Rf6 Rd7 40.
Rg6+ Rg7 41. Rxg5 Rxg5 42. Nf4 Re4 43. Kd3 Rxf4 44. exf4 Rg7 45. Ke4 Kf7 46. Kd5
Ke7 47. Kc6 Ke6 48. d5+ Ke7 49. Kb7 Kf6+ 50. Kc6 Ke7 51. Kb7 Rg8 52. Kxa7 Rc8
53. Kxb6 Rxc3 54. a5 Rb3+ 55. Kc7 Rxg3 56. a6 Ra3 57. Kb7 g3 58. a7 g2 59. a8=Q
Rxa8 60. Kxa8 g1=Q 61. Kb7 Qd4 0-1

[Event "ch-FRA Blitz Online Qual"]
[Site "Europe-Chess INT"]
[Date "2020.05.16"]
[Round "8"]
[White "Chung, Mathilde"]
[Black "Gautier, Nathan"]
[Result "1-0"]
[WhiteTitle "WFM"]
[WhiteElo "2083"]
[BlackElo "2064"]
[WhiteFideId "676446"]
[BlackFideId "26093030"]
[EventDate "2020.05.16"]

1. d4 Nf6 2. c4 g6 3. Nc3 Bg7 4. e4 d6 5. Nf3 O-O 6. Be2 e5 7. O-O Nc6 8. d5 Ne7
9. b4 Nh5 10. c5 Nf4 11. Bxf4 exf4 12. Rc1 f5 13. Ng5 h6 14. Ne6 Bxe6 15. dxe6
dxc5 16. Qb3 Bxc3 17. Qxc3 fxe4 18. Rfd1 Qe8 19. Qxc5 Rf5 20. Qxc7 f3 21. Bf1 1-0

[Event "ch-FRA Blitz Online Qual"]
[Site "Europe-Chess INT"]
[Date "2020.05.16"]
[Round "8"]
[White "Bellaiche, Elise"]
[Black "Mouret, Paul"]
[Result "1-0"]
[WhiteTitle "WFM"]
[WhiteElo "2036"]
[BlackElo "1748"]
[WhiteFideId "696366"]
[BlackFideId "36059170"]
[EventDate "2020.05.16"]

1. e4 d5 2. exd5 Nf6 3. Nc3 Nxd5 4. d4 Nxc3 5. bxc3 c5 6. Nf3 g6 7. Be2 Bg7 8.
Bb2 O-O 9. O-O e6 10. Qd3 Qc7 11. Rad1 Nc6 12. Qb5 Ne7 13. dxc5 Nd5 14. Nd4 Bd7
15. Qb3 Qxc5 16. Bf3 Rfc8 17. Bxd5 exd5 18. Ne2 Bc6 19. Ba3 Qb5 20. Nd4 Qc4 21.
Rfe1 Qxb3 22. cxb3 Re8 23. Bc5 Bf8 24. Rxe8 Rxe8 25. Bxf8 Kxf8 26. Kf1 Kg7 27.
Re1 Rxe1+ 28. Kxe1 Kf6 29. Kd2 Ke5 30. Ke3 h6 31. f3 f5 32. f4+ Kf6 33. Nf3 g5
34. g3 Kg6 35. Ne5+ Kf6 36. Kd4 1-0

[Event "ch-FRA Blitz Online Qual"]
[Site "Europe-Chess INT"]
[Date "2020.05.16"]
[Round "8"]
[White "Baroyan, Davit"]
[Black "Fischler, Oscar"]
[Result "0-1"]
[WhiteElo "2218"]
[BlackElo "1864"]
[WhiteFideId "26033607"]
[BlackFideId "45190186"]
[EventDate "2020.05.16"]

1. d4 d5 2. c4 c6 3. Nc3 Nf6 4. e3 e6 5. Nf3 Nbd7 6. Bd3 dxc4 7. Bxc4 b5 8. Bd3
Bb7 9. e4 a6 10. e5 Nd5 11. Nxd5 cxd5 12. Bg5 Be7 13. Bxe7 Qxe7 14. Rc1 O-O 15.
h4 Rfc8 16. Rxc8+ Rxc8 17. Qd2 Nf8 18. O-O h6 19. Rc1 Qd7 20. Rxc8 Qxc8 21. Qc2
Qxc2 22. Bxc2 Nd7 23. Nd2 Nb8 24. f4 Nc6 25. Nf3 Kf8 26. Kf2 Ke7 27. Ke3 Nb4 28.
Bb1 a5 29. Nd2 Nc6 30. Nb3 Ba6 31. Nc5 Bc8 32. g4 b4 33. g5 hxg5 34. fxg5 g6 35.
Bd3 Nb8 36. b3 Nd7 37. Be2 Kf8 38. h5 gxh5 39. Bxh5 Kg7 40. Be2 Nb8 41. Kf4 Nc6
42. Ke3 Kg6 0-1

[Event "ch-FRA Blitz Online Qual"]
[Site "Europe-Chess INT"]
[Date "2020.05.16"]
[Round "8"]
[White "Ros, David"]
[Black "Le Brech, Cyril"]
[Result "0-1"]
[WhiteElo "1767"]
[BlackElo "1986"]
[WhiteFideId "36079103"]
[BlackFideId "20675186"]
[EventDate "2020.05.16"]

1. e4 c5 2. Na3 Nc6 3. Bb5 e6 4. c3 d5 5. exd5 exd5 6. Nf3 Nf6 7. O-O Be7 8. Ne5
Bd7 9. Nxc6 bxc6 10. Be2 O-O 11. Re1 Bd6 12. h3 Qc8 13. Bf1 c4 14. d4 h6 15. Qf3
Ne4 16. Nc2 f5 17. Bf4 Qc7 18. Bxd6 Qxd6 19. Ne3 Rf6 20. Rad1 Raf8 21. Qe2 Rg6
22. f3 Ng3 23. Qf2 Nh5 24. Rd2 Nf4 25. a3 Nxh3+ 0-1

[Event "ch-FRA Blitz Online Qual"]
[Site "Europe-Chess INT"]
[Date "2020.05.16"]
[Round "8"]
[White "Siffert, Arman"]
[Black "Perez Marco, Ricardo"]
[Result "1-0"]
[WhiteElo "1887"]
[BlackElo "2064"]
[WhiteFideId "45125350"]
[BlackFideId "2256401"]
[EventDate "2020.05.16"]

1. d4 Nf6 2. Bf4 g6 3. Nc3 Bg7 4. e4 d6 5. Qd2 Nbd7 6. Nf3 h6 7. O-O-O Nh5 8.
Be3 e5 9. Bc4 g5 10. g3 Nb6 11. Bb3 exd4 12. Bxd4 Bg4 13. Bxg7 Nxg7 14. Qe3 O-O
15. h4 Ne6 16. Kb1 Qf6 17. Rd3 Nc5 18. hxg5 hxg5 19. Nd5 Nxd5 20. Rxd5 Nxe4 21.
Qxe4 Qg6 22. Rxg5 Bxf3 23. Rxg6# 1-0

[Event "ch-FRA Blitz Online Qual"]
[Site "Europe-Chess INT"]
[Date "2020.05.16"]
[Round "8"]
[White "Ibrouchene, Christophe"]
[Black "Le Pen, Steven"]
[Result "1-0"]
[WhiteElo "1797"]
[BlackElo "2141"]
[WhiteFideId "45110786"]
[BlackFideId "612197"]
[EventDate "2020.05.16"]

1. e4 c5 2. b4 cxb4 3. d4 d5 4. exd5 Qxd5 5. c4 bxc3 6. Nxc3 Qd8 7. Nf3 Nf6 8.
Bb5+ Bd7 9. Rb1 e6 10. O-O Nc6 11. d5 exd5 12. Nxd5 Nxd5 13. Qxd5 Be7 14. Rd1 a6
15. Ba4 b5 16. Bb3 Rf8 17. Ng5 Bxg5 18. Bxg5 f6 19. Re1+ Ne7 20. Rxe7+ Qxe7 21.
Qxa8+ Qd8 22. Re1+ 1-0

[Event "ch-FRA Blitz Online Qual"]
[Site "Europe-Chess INT"]
[Date "2020.05.16"]
[Round "8"]
[White "Cuttoli, Alexandre"]
[Black "Herbin, Alexandre"]
[Result "0-1"]
[WhiteElo "2044"]
[BlackElo "1869"]
[WhiteFideId "36007293"]
[BlackFideId "36047783"]
[EventDate "2020.05.16"]

1. d4 Nf6 2. Bf4 g6 3. Nc3 d5 4. h4 Bg7 5. e3 Nbd7 6. Bd3 O-O 7. Nf3 c5 8. Ne5
cxd4 9. exd4 Qb6 10. Bb5 a6 11. Bxd7 Bxd7 12. Qd2 Bf5 13. h5 gxh5 14. O-O-O Rac8
15. Bh6 Ne4 16. Nxe4 Bxe4 17. Bxg7 Rxc2+ 18. Qxc2 Bxc2 19. Bxf8 Bxd1 20. Kxd1
Qxb2 0-1

[Event "ch-FRA Blitz Online Qual"]
[Site "Europe-Chess INT"]
[Date "2020.05.16"]
[Round "8"]
[White "Carme, Jeremie"]
[Black "Zienkiewicz, Alexandre"]
[Result "1-0"]
[WhiteElo "1659"]
[BlackElo "2049"]
[WhiteFideId "45184593"]
[BlackFideId "20610327"]
[EventDate "2020.05.16"]

1. e4 g6 2. d4 Bg7 3. c3 d6 4. Bd3 Nd7 5. Be3 Ngf6 6. f4 O-O 7. Nf3 c5 8. O-O b6
9. d5 e6 10. c4 exd5 11. exd5 Ng4 12. Bc1 Re8 13. Re1 Ba6 14. Nc3 Nf8 15. h3 Nf6
16. a4 Qd7 17. Bd2 Rxe1+ 18. Qxe1 Re8 19. Qf2 Qd8 20. Re1 Rxe1+ 21. Qxe1 Nh5 22.
g4 Nf6 23. Kg2 Bc8 24. Nb5 a6 25. Nc3 Bd7 26. b3 h6 27. Ng1 Ne8 28. Nge2 Nc7 29.
Ng3 Qf6 30. Nge4 Qd4 31. Qe2 Ne8 32. Be3 Qxc3 33. Nxc3 Bxc3 34. Bd2 Bd4 35. Qe7
Bf6 36. Qe2 Bd4 37. f5 g5 38. Be3 Bf6 39. Qd2 Kg7 40. b4 Nh7 41. bxc5 bxc5 42.
Qa5 Be5 43. Qxa6 Nhf6 44. a5 h5 45. Be2 hxg4 46. hxg4 Ne4 47. Qb7 N8f6 48. a6
Nc3 49. Bf3 Bxf5 50. gxf5 g4 51. Bxg4 Nfe4 52. Bf3 Nf6 53. a7 Bd4 54. Bxd4 cxd4
55. a8=Q d3 56. Qbb8 Kh6 57. Qh8+ Kg5 58. Qh3 Kf4 59. Qg3+ Kxf5 60. Qc8+ Nd7 61.
Qxd7+ Kf6 1-0

[Event "ch-FRA Blitz Online Qual"]
[Site "Europe-Chess INT"]
[Date "2020.05.16"]
[Round "8"]
[White "Labrande, Theodore"]
[Black "Maugin, Narada"]
[Result "1-0"]
[WhiteElo "2077"]
[BlackElo "1947"]
[WhiteFideId "36045780"]
[BlackFideId "45165025"]
[EventDate "2020.05.16"]

1. e4 c6 2. Nc3 d5 3. Nf3 Nf6 4. e5 Ne4 5. d4 Nxc3 6. bxc3 c5 7. Bd3 Nc6 8. O-O
Bg4 9. h3 Bxf3 10. Qxf3 cxd4 11. e6 fxe6 12. Qh5+ Kd7 13. cxd4 Nxd4 14. c4 Kc7
15. Bf4+ Kc8 16. Rac1 Nc6 17. cxd5 Qxd5 18. Qe8+ Qd8 19. Rxc6+ bxc6 20. Qxc6+ 1-0

[Event "ch-FRA Blitz Online Qual"]
[Site "Europe-Chess INT"]
[Date "2020.05.16"]
[Round "8"]
[White "Maccagnan, Tomas"]
[Black "Vieira, William"]
[Result "1-0"]
[WhiteElo "1968"]
[BlackElo "1593"]
[WhiteFideId "26091763"]
[BlackFideId "20661193"]
[EventDate "2020.05.16"]

1. e4 e6 2. d4 d5 3. Nd2 dxe4 4. Nxe4 Nd7 5. Nf3 Ngf6 6. Bd3 Be7 7. Bg5 O-O 8.
h4 b6 9. Ne5 Bb7 10. Qe2 Nxe4 11. Bxe4 Bxe4 12. Qxe4 g6 13. Nc6 f5 14. Qxe6+ Kg7
15. Nxd8 1-0

[Event "ch-FRA Blitz Online Qual"]
[Site "Europe-Chess INT"]
[Date "2020.05.16"]
[Round "8"]
[White "Monnot, Leo"]
[Black "Lissillour, Baptiste"]
[Result "0-1"]
[WhiteElo "1964"]
[BlackElo "1731"]
[WhiteFideId "26093103"]
[BlackFideId "45179620"]
[EventDate "2020.05.16"]

1. e4 c5 2. Nf3 d6 3. d4 cxd4 4. Nxd4 Nf6 5. Nc3 a6 6. Be2 e5 7. O-O exd4 8.
Qxd4 Nc6 9. Qd1 Be7 10. Be3 O-O 11. Bd3 Be6 12. f4 d5 13. e5 d4 14. exf6 Bxf6
15. Ne4 dxe3 16. Qh5 g6 17. Qf3 Bg7 18. Qg3 Nb4 19. Ng5 Nxd3 20. cxd3 Qxd3 21.
Rad1 Qb5 22. h4 e2 23. Rfe1 exd1=Q 24. Rxd1 Rad8 25. Rf1 Bd4+ 26. Kh1 Qxf1+ 27.
Kh2 Qg1# 0-1

[Event "ch-FRA Blitz Online Qual"]
[Site "Europe-Chess INT"]
[Date "2020.05.16"]
[Round "8"]
[White "Breuil, Virgile"]
[Black "Boulos, Carlos"]
[Result "0-1"]
[WhiteElo "1622"]
[BlackElo "2147"]
[WhiteFideId "45163693"]
[BlackFideId "5302749"]
[EventDate "2020.05.16"]

1. e4 e5 2. Nc3 Nc6 3. Bc4 Nf6 4. d3 Na5 5. Bb3 Nxb3 6. axb3 Bc5 7. Nf3 d6 8.
O-O h6 9. d4 exd4 10. Nxd4 O-O 11. Be3 a6 12. Re1 Re8 13. f3 Bd7 14. Bf2 Qe7 15.
Nd5 Nxd5 16. exd5 Qf6 17. c3 Rxe1+ 18. Qxe1 Re8 19. Qd2 Re5 20. b4 Bb6 21. f4
Rxd5 22. Rd1 c5 23. bxc5 dxc5 24. c4 Rxd4 25. Bxd4 cxd4 26. b4 Bg4 27. Re1 Bc7
28. g3 Bf3 29. Qd3 Bc6 30. b5 axb5 31. cxb5 Bd7 32. Rc1 Bb6 33. Ra1 g6 34. Ra8+
Kg7 35. Ra1 Bf5 36. Qd1 d3+ 37. Kg2 Be4+ 38. Kf1 Qf5 39. Ke1 Bd4 40. Ra4 Bc3+
41. Kf2 Qc5+ 42. Kf1 Bf5 43. Qb3 Bh3# 0-1

[Event "ch-FRA Blitz Online Qual"]
[Site "Europe-Chess INT"]
[Date "2020.05.16"]
[Round "8"]
[White "Quere, Alexandre"]
[Black "Del Giovane, Fabio"]
[Result "1-0"]
[WhiteElo "2022"]
[BlackElo "1629"]
[WhiteFideId "631086"]
[BlackFideId "45142190"]
[EventDate "2020.05.16"]

1. Nf3 c5 2. c4 Nc6 3. d4 cxd4 4. Nxd4 Nf6 5. Nc3 g6 6. Nc2 Bg7 7. e4 O-O 8. Be2
a6 9. O-O d6 10. Be3 Nd7 11. Qd2 Re8 12. Rfd1 Nf8 13. Rab1 Ne6 14. Nd5 Nc7 15.
Bb6 1-0

[Event "ch-FRA Blitz Online Qual"]
[Site "Europe-Chess INT"]
[Date "2020.05.16"]
[Round "8"]
[White "Labelle, Ambroise"]
[Black "Reuillon, Hadrien"]
[Result "1-0"]
[WhiteElo "1952"]
[BlackElo "1817"]
[WhiteFideId "26092050"]
[BlackFideId "45133972"]
[EventDate "2020.05.16"]

1. e4 c5 2. Nf3 Nc6 3. Bb5 g6 4. O-O Bg7 5. c3 Nf6 6. Re1 O-O 7. h3 d5 8. e5 Nd7
9. d4 cxd4 10. cxd4 Nb6 11. Bg5 h6 12. Bf4 e6 13. Nc3 Bd7 14. Qd2 Kh7 15. Nh2
Ne7 16. Bd3 Nc4 17. Bxc4 dxc4 18. Ng4 Nf5 19. Ne4 Bc6 20. Nef6+ Kh8 21. Nxh6
Qxd4 22. Nxf5 Qxd2 23. Bxd2 exf5 24. Bc3 Rad8 25. Rad1 a6 26. Rc1 b5 27. Bb4
Bxf6 28. Bxf8 Bg5 29. Bd6 Bxc1 30. Rxc1 f6 31. Rd1 Re8 32. exf6 Kg8 33. Be7 Kf7
34. Rd6 Rc8 35. g4 fxg4 36. hxg4 g5 37. Kh2 Rh8+ 38. Kg3 Rc8 39. f4 gxf4+ 40.
Kxf4 b4 41. Rd4 Bb5 42. Bxb4 Kxf6 43. Rd6+ Kf7 44. g5 Rc6 45. Rd8 Rg6 46. Rf8+
Kg7 47. Kf5 Rc6 48. Rd8 Rc7 49. Rd6 Rc6 50. Rd4 Rc7 51. Rh4 Rf7+ 52. Ke5 Rf2 53.
Rd4 Re2+ 54. Kf4 Rf2+ 55. Kg3 Rf1 56. Rd6 Rg1+ 57. Kf4 Rf1+ 58. Ke5 Rg1 59. Bc3
Rf1 60. Ke6+ Kg8 61. Ke7 a5 62. g6 a4 63. Bf6 Re1+ 64. Kd8 Re8+ 65. Kc7 Re5 66.
Bxe5 1-0

[Event "ch-FRA Blitz Online Qual"]
[Site "Europe-Chess INT"]
[Date "2020.05.16"]
[Round "8"]
[White "Zanin, Dario"]
[Black "Gordon, James"]
[Result "0-1"]
[WhiteElo "1918"]
[BlackElo "1775"]
[WhiteFideId "615919"]
[BlackFideId "45186154"]
[EventDate "2020.05.16"]

1. e4 d6 2. d4 Nf6 3. Nc3 Nbd7 4. f4 e5 5. Nf3 exd4 6. Nxd4 g6 7. Be3 Bg7 8. Qd2
O-O 9. O-O-O Qe7 10. Bd3 Nc5 11. e5 dxe5 12. fxe5 Nxd3+ 13. Qxd3 Qxe5 14. Rhe1
Qa5 15. Bd2 Qb6 16. Na4 Qd6 17. a3 c6 18. Bb4 Qf4+ 19. Kb1 Rd8 20. g3 Qg4 21.
Be7 Rd5 22. Bxf6 Bxf6 23. Re8+ Kg7 24. c3 Bf5 25. Nxf5+ gxf5 26. Rxa8 Rxd3 27.
Rxd3 Qxa4 28. Rd7 c5 29. Rxb7 Qe4+ 30. Ka2 Qxb7 0-1

[Event "ch-FRA Blitz Online Qual"]
[Site "Europe-Chess INT"]
[Date "2020.05.16"]
[Round "8"]
[White "Cassam-Chenai, Antoine"]
[Black "Babaud, Antoine"]
[Result "0-1"]
[WhiteElo "1839"]
[BlackElo "1943"]
[WhiteFideId "36087866"]
[BlackFideId "45185484"]
[EventDate "2020.05.16"]

1. e4 c5 2. Nf3 d6 3. Bb5+ Bd7 4. Bxd7+ Qxd7 5. d4 cxd4 6. Nxd4 Nc6 7. c4 Nf6 8.
Nc3 e6 9. Be3 Be7 10. f3 O-O 11. O-O a6 12. a4 Rac8 13. b3 Rfd8 14. Qd2 d5 15.
exd5 exd5 16. cxd5 Nxd5 17. Nxd5 Qxd5 18. Nxc6 Qxc6 19. Qf2 Qe6 20. Bb6 Re8 21.
Rab1 Bb4 22. Rfc1 Rxc1+ 23. Rxc1 Qxb3 24. Qc2 Qe6 25. a5 h6 26. Qc4 Qe7 27. Qc7
Bd6 28. Qxe7 Rxe7 29. Rc8+ Kh7 30. g3 f5 31. f4 g5 32. fxg5 hxg5 33. Bd4 Kg6 34.
Rg8+ Kh5 35. Rh8+ Kg4 36. Kg2 Re2+ 37. Bf2 f4 38. h3+ Kf5 39. g4+ Kg6 40. Kf3
Re7 41. Rd8 Bc7 42. Rd5 Re5 43. Rxe5 Bxe5 44. Bb6 Kf6 45. Ke4 Ke6 46. Bd8 Bf6
47. Bb6 Be7 48. Bc7 Bb4 49. Bd8 Be7 50. Bc7 Kd7 51. Bb6 Kc6 52. Kf5 Kb5 53. h4
gxh4 54. Kxf4 Bd6+ 55. Kf3 h3 56. g5 h2 57. Kg2 Kc6 58. Bd8 Kd7 59. Bb6 Ke6 60.
Be3 Kf5 61. Bd2 Be7 62. Kxh2 Bxg5 63. Bb4 Ke4 64. Bc5 Kd5 65. Bb6 Kc4 66. Kg3
Bd2 67. Kf3 Kb5 68. Bd8 Bxa5 69. Be7 Bc7 70. Ke4 Kc4 71. Ke3 b5 72. Kd2 Be5 73.
Kc2 a5 74. Bd8 Kb4 75. Be7+ Ka4 76. Bc5 b4 77. Bb6 Kb5 78. Bd8 a4 79. Kb1 Kc4
80. Ka2 Bd6 81. Ba5 b3+ 82. Kb1 a3 83. Ka1 Be5+ 84. Kb1 a2+ 85. Kc1 a1=Q+ 86.
Kd2 Qxa5+ 87. Ke3 b2 88. Ke4 0-1

[Event "ch-FRA Blitz Online Qual"]
[Site "Europe-Chess INT"]
[Date "2020.05.16"]
[Round "8"]
[White "Blachon, Pascal"]
[Black "Fondrat, Johan"]
[Result "1-0"]
[WhiteElo "1955"]
[BlackElo "1509"]
[WhiteFideId "636320"]
[BlackFideId "45156069"]
[EventDate "2020.05.16"]

1. e4 c5 2. Nf3 Nc6 3. Nc3 g6 4. Bb5 Bg7 5. Bxc6 bxc6 6. d3 d5 7. h3 Nf6 8. Qe2
O-O 9. O-O Ba6 10. Rb1 c4 11. exd5 cxd5 12. d4 Rb8 13. Re1 e6 14. Bg5 Qc7 15.
Ne5 Nd7 16. Ng4 Bxd4 17. Qd2 Bg7 18. Bf4 e5 19. Nxd5 Qa5 20. Qxa5 1-0

[Event "ch-FRA Blitz Online Qual"]
[Site "Europe-Chess INT"]
[Date "2020.05.16"]
[Round "8"]
[White "Haberthur, Maxime"]
[Black "Ernst, Luca"]
[Result "1-0"]
[WhiteElo "1941"]
[BlackElo "1660"]
[WhiteFideId "36097551"]
[BlackFideId "45117055"]
[EventDate "2020.05.16"]

1. e4 c5 2. Nc3 Nc6 3. g3 e6 4. Bg2 Nge7 5. Nge2 d5 6. exd5 Nxd5 7. Nxd5 exd5 8.
d4 c4 9. O-O Be7 10. c3 O-O 11. Re1 Re8 12. Nf4 Be6 13. Nxe6 fxe6 14. Rxe6 Bf6
15. Rxe8+ Qxe8 16. Bxd5+ Kh8 17. Bxc4 Qe4 18. Bd3 Qe7 19. Be3 Re8 20. Qh5 g6 21.
Bxg6 Rg8 22. Bd3 Bh4 23. Kf1 Rf8 24. Qxh4 Qxe3 25. Qxh7# 1-0

[Event "ch-FRA Blitz Online Qual"]
[Site "Europe-Chess INT"]
[Date "2020.05.16"]
[Round "8"]
[White "Andre, Sebastien"]
[Black "Partac, Elena"]
[Result "0-1"]
[BlackTitle "WGM"]
[WhiteElo "1610"]
[BlackElo "2079"]
[WhiteFideId "26016982"]
[BlackFideId "13901001"]
[EventDate "2020.05.16"]

1. b3 e5 2. Bb2 Nc6 3. e3 Nf6 4. Bb5 d6 5. d3 Be7 6. Nd2 a6 7. Bxc6+ bxc6 8. f4
Nd5 9. Ngf3 Nxe3 10. Qe2 Nxc2+ 11. Kf2 Nxa1 12. Bxa1 O-O 13. fxe5 dxe5 14. Nxe5
Bc5+ 15. d4 Bxd4+ 16. Kg3 Qg5+ 17. Ng4 Bxa1 18. Rxa1 Bxg4 19. Qxg4 Qe5+ 0-1

[Event "ch-FRA Blitz Online Qual"]
[Site "Europe-Chess INT"]
[Date "2020.05.16"]
[Round "8"]
[White "Ciarletta, Ulysse"]
[Black "Lavanant, Alexandre"]
[Result "0-1"]
[WhiteElo "1599"]
[BlackElo "1937"]
[WhiteFideId "45133000"]
[BlackFideId "654949"]
[EventDate "2020.05.16"]

1. d4 Nf6 2. c4 e5 3. dxe5 Ng4 4. Qd4 d6 5. exd6 Bxd6 6. h3 Nc6 7. Qd1 Nxf2 8.
Kxf2 Bg3+ 9. Kxg3 Qxd1 10. Bf4 Qxf1 11. Be3 h5 12. h4 Be6 13. Nf3 Qxe2 14. Re1
Qxb2 15. Nbd2 O-O-O 16. Rab1 Qa3 17. Rb3 Qe7 18. Ne4 Bxc4 19. Rc3 Qxe4 0-1

[Event "ch-FRA Blitz Online Qual"]
[Site "Europe-Chess INT"]
[Date "2020.05.16"]
[Round "8"]
[White "Bonelli Maestracci, Pierre Joseph"]
[Black "Khachatryan, Samvel S."]
[Result "0-1"]
[WhiteElo "1545"]
[BlackElo "2179"]
[WhiteFideId "45172870"]
[BlackFideId "13309048"]
[EventDate "2020.05.16"]

1. e4 d5 2. exd5 Nf6 3. Nc3 Nxd5 4. Nxd5 Qxd5 5. Nf3 Nc6 6. c3 Bg4 7. Be2 O-O-O
8. d4 e5 9. h3 Bh5 10. g4 Bg6 11. Be3 exd4 12. Bxd4 Nxd4 13. Qxd4 Qxd4 14. Nxd4
Bc5 15. Nb3 Bb6 16. O-O h5 17. gxh5 Bxh5 18. Bxh5 Rxh5 19. Kg2 Rd3 20. Rh1 Rg5+
21. Kf1 Rf3 22. Nd4 Bxd4 23. cxd4 Rd3 24. h4 Rf5 25. Ke2 Rxd4 26. f3 Re5+ 27.
Kf2 Rd2+ 28. Kg3 Rxb2 29. Rad1 Rxa2 30. Rd4 c5 31. Rf4 f6 32. Rg4 Re7 33. Rc1 b6
34. h5 Ree2 35. Rg1 Re5 36. Rh1 Rg5 37. Rxg5 fxg5 38. Kg4 Rg2+ 39. Kf5 Rd2 40.
Kg6 Rd7 41. Kxg5 c4 42. f4 b5 43. f5 c3 44. Rb1 a6 45. Rb3 Rc7 46. Rb1 c2 47.
Rc1 b4 48. f6 gxf6+ 49. Kxf6 b3 50. h6 Kb7 51. Ke5 b2 52. Rxc2 Rxc2 53. h7 Rh2 0-1

[Event "ch-FRA Blitz Online Qual"]
[Site "Europe-Chess INT"]
[Date "2020.05.16"]
[Round "8"]
[White "Desarmaux-Do, Yanis-Huy"]
[Black "Cleran, Anthony"]
[Result "0-1"]
[WhiteElo "1803"]
[BlackElo "1933"]
[WhiteFideId "45118299"]
[BlackFideId "626066"]
[EventDate "2020.05.16"]

1. Nf3 Nf6 2. g3 d5 3. Bg2 c5 4. O-O Nc6 5. d3 Bg4 6. Nbd2 e5 7. h3 Bh5 8. e4 d4
9. a4 Be7 10. g4 Bg6 11. Nc4 Nd7 12. b3 b6 13. Ba3 h5 14. Qd2 hxg4 15. hxg4 Qc7
16. Nh2 Rh4 17. f3 O-O-O 18. Kf2 Rxh2 19. Rg1 Rdh8 20. Bb2 Bh4+ 21. Kf1 Bg3 22.
a5 b5 23. Na3 a6 24. c4 b4 25. Nb5 axb5 26. cxb5 Nxa5 27. Bc1 Kb7 28. Qa2 Ra8
29. f4 exf4 30. e5+ Rxg2 31. Qxg2+ Kb8 32. Qd5 Bxd3+ 33. Kg2 Qxe5 34. Qxe5+ Nxe5
35. Re1 f6 36. Bxf4 Bxf4 37. Rxe5 Bxe5 38. Rd1 Bxb5 39. Rh1 Bc6+ 0-1

[Event "ch-FRA Blitz Online Qual"]
[Site "Europe-Chess INT"]
[Date "2020.05.16"]
[Round "8"]
[White "Briand, Amaury"]
[Black "Morais, Thomas"]
[Result "1-0"]
[WhiteElo "1929"]
[BlackElo "1710"]
[WhiteFideId "36054968"]
[BlackFideId "36034703"]
[EventDate "2020.05.16"]

1. e4 c5 2. Nf3 e6 3. d4 cxd4 4. Nxd4 a6 5. Nc3 Qc7 6. Bd3 Nf6 7. O-O Be7 8. Qf3
O-O 9. Bf4 d6 10. Bg3 Nbd7 11. Nb3 Ne5 12. Bxe5 dxe5 13. Rad1 b5 14. a3 Bb7 15.
Rd2 Rfd8 16. Rfd1 Rd7 17. Re2 Rad8 18. Qg3 b4 19. axb4 Bxb4 20. Na2 a5 21. Nxb4
axb4 22. Ra1 Bxe4 23. Bxe4 Rd1+ 24. Re1 Rxe1+ 25. Rxe1 Nxe4 26. Qe3 Nf6 27. h3
e4 28. Nd4 Qc5 29. c3 bxc3 30. bxc3 e5 31. Nf5 Qxe3 32. Nxe3 Nd5 33. Rd1 Rc8 34.
Nxd5 Kf8 35. c4 Rxc4 36. Re1 Rd4 37. Nc3 f5 38. g4 g6 39. g5 Rd3 40. Re3 Rd4 41.
Kg2 Ke7 42. h4 Ke6 43. Nb5 Rb4 44. Nc7+ Kd6 45. Ne8+ Ke7 46. Nf6 Ke6 47. Ra3 e3
48. Rxe3 Rxh4 49. Ra3 f4 50. Ra6+ Kf5 51. f3 Kxg5 52. Ne4+ Kh5 53. Ra7 h6 54.
Ra6 g5 55. Nf6+ Kg6 56. Ng4+ Kg7 57. Nxe5 h5 58. Rg6+ Kh7 59. Rxg5 Kh6 60. Rg6+
Kh7 61. Rf6 Kg7 62. Rf7+ Kh6 63. Nd3 Kg5 64. Rg7+ Kh6 65. Rg8 Kh7 66. Rf8 Kg6
67. Rxf4 Rxf4 68. Nxf4+ Kg5 69. Nh3+ Kh4 70. f4 Kg4 71. Kh2 h4 72. Kg2 Kf5 73.
Kf3 Kf6 74. Kg4 Kg6 75. Kxh4 Kf5 76. Kh5 Kf6 77. Kg4 Kg6 78. f5+ Kf6 79. Kf4 Kf7
80. Kg5 Kg7 81. f6+ Kf7 82. Kf5 Kf8 83. Nf4 Ke8 84. Ng6 Kf7 85. Kg5 Kg8 86. Ne5
Kf8 87. f7 Ke7 88. Kg6 Kf8 89. Kh7 Ke7 90. Kg7 Ke6 91. f8=Q Kxe5 92. Qf6+ Ke4
93. Kf7 Kd3 94. Ke6 Kc4 95. Qe5 Kd3 96. Kd5 Kc2 97. Qd4 Kb3 98. Kc5 Kc2 99. Kc4
Kb1 100. Qc3 Ka2 101. Qb4 Ka1 102. Kc3 Ka2 103. Kc2 Ka1 104. Qb2# 1-0

[Event "ch-FRA Blitz Online Qual"]
[Site "Europe-Chess INT"]
[Date "2020.05.16"]
[Round "8"]
[White "Baudouin, Simon"]
[Black "Lefrancois, Jean"]
[Result "1-0"]
[WhiteElo "1926"]
[BlackElo "1038"]
[WhiteFideId "36051284"]
[BlackFideId "551055635"]
[EventDate "2020.05.16"]

1. c4 c5 2. g3 Nc6 3. Bg2 Nf6 4. Nc3 e6 5. Nf3 d5 6. cxd5 exd5 7. d4 c4 8. O-O
Bd6 9. b3 cxb3 10. axb3 Bf5 11. Bg5 h6 12. Bxf6 Qxf6 13. Nxd5 Qe6 14. Nb6 O-O
15. Nxa8 Rxa8 16. d5 Qd7 17. dxc6 Qxc6 18. Nd4 Qd7 19. Nxf5 Qxf5 20. Qxd6 Qc8
21. Rfc1 Qe8 22. Bxb7 Rb8 23. Bf3 Rxb3 24. Rxa7 Rb8 25. Qd7 Qf8 26. Rcc7 Rd8 27.
Qxf7+ Qxf7 28. Rxf7 Rd1+ 29. Kg2 g5 30. Rg7+ Kf8 31. Raf7+ Ke8 32. Bc6+ Kd8 33.
Rg8# 1-0